FIFA World Cup Top 50 Goal Scorers - Statistics

General Stats
  • This quiz has been taken 133 times
  • The average score is 19 of 50
Answer Stats
Country Answer % Correct
Portugal Cristiano Ronaldo
99%
Argentina Lionel Messi
99%
Brazil Ronaldo
99%
West Germany Gerd Müller
94%
Germany Thomas Müller
94%
Germany Miroslav Klose
91%
France Kylian Mbappé
84%
Brazil Pelé
84%
Uruguay Luis Suárez
70%
England Harry Kane
68%
Brazil Neymar
65%
Argentina Diego Maradona
64%
Portugal Eusebio
61%
Brazil Rivaldo
58%
France Just Fontaine
53%
Italy Roberto Baggio
53%
Spain David Villa
50%
England Gary Lineker
46%
Colombia James Rodriguez
45%
West Germany Karl-Heinz Rummenigge
40%
West Germany Jürgen Klinsmann
38%
Italy Paolo Rossi
38%
Argentina Gabriel Batistuta
36%
Germany Rudi Völler
36%
Italy Christian Vieri
27%
Brazil Jairzinho
27%
Poland Grzegorz Lato
26%
Hungary Sándor Kocsis
25%
West Germany Uwe Seeler
25%
Brazil Vavá
22%
Ecuador Enner Valencia
21%
West Germany Helmut Rahn
18%
Yugoslavia Davor Šuker
17%
Peru Teófilo Cubillas
15%
Brazil Leônidas
12%
Russia Oleg Salenko
12%
Italy Salvatore Schillaci
12%
Netherlands Johnny Rep
11%
Brazil Ademir
9%
Brazil Careca
9%
Argentina Guillermo Stábile
9%
West Germany Max Morlock
9%
Poland Andrzej Szarmach
8%
West Germany Hans Schäfer
7%
Czechoslovakia Oldřich Nejedlý
6%
Uruguay Óscar Míguez
4%
Hungary Lajos Tichy
3%
Austria Erich Probst
2%
Switzerland Josef Hügi
2%
Hungary György Sárosi
1%
No matching quizzes found
Score Distribution
Percent of People with Each Score
Percentile by Number Answered
Your Score History
You have not taken this quiz